O novo Cd̤igo de Processo Civil

Detalles Bibliográficos
Autor principal: Rubin, Fernando
Formato: eBook
Lenguaje:portugués
Publicado: Sô Paulo: LTR, 2017
Materias:
Acceso en línea:Acceso restringido

MARC

LEADER 00000nam a22000007a 4500
005 20171123162858.0
007 cr|||| ||||
008 171123s2017 bl |||||s|||| 00||0 por d
020 |a 978-85-361-9236-9 
035 |a 20932 
040 |a vLex 
090 |c 7249  |d 7249 
100 1 |a Rubin, Fernando 
245 1 2 |a O novo Cd̤igo de Processo Civil  |h [Recurso electrn̤ico] /  |c Fernando Rubin 
256 |a Servicio en ln̕ea 
260 |a Sô Paulo:  |b LTR,  |c 2017 
300 |a 1 recurso electrn̤ico 
506 1 |a Disponible solo en los productos indicados  |d vLex Global  |d vLex Global (Academic Edition, excluding Law Schools)  |d vLex Global (U.S. Academic Edition, Law Schools)  |d vLex Global (U.S. Academic Edition, excluding Law Schools)  |d vLex Global (Academic Edition, Law Schools) 
650 0 4 |a Procedimiento Civil  |z Brasil 
740 0 |a vLex Libros (Servicio en ln̕ea) 
856 4 0 |u http://vlex.com/source/novo-codigo-processo-civil-20932/  |z Acceso restringido 
942 |c BOOK 
999 0 |a Civil procedure